000
00204 a2200097 4500
001
3758
100
_a
Tafri, A B S
245
_a
Here lies India
260
_a
_b
Pak textile press
_c
090
_c
2995
_d
2995
942
_a
NUST-CAE
_c
M
_c
22168
999
_c
238831
_d
238831